000 00257nam a2200109Ia 4500
999 _c9465
_d9465
020 _a978-0074710647
100 _aAlan Williams
245 0 _aSo You Want to Start Your Own Business
260 _aNew Jersey
_bThomson South
_c1994
300 _a336
942 _cBK